Computer programs for elementary decision analysis
Na minha lista:
| Autor principal: | |
|---|---|
| Formato: | Livro |
| Idioma: | inglês |
| Publicado em: |
Boston
Harvard University
1971
|
| Tags: |
Sem tags, seja o primeiro a adicionar uma tag!
|
MARC
| LEADER | 00000nam a2200000 4500 | ||
|---|---|---|---|
| 001 | c109414 | ||
| 005 | 20041019155143.9 | ||
| 041 | 0 | |a eng | |
| 044 | |a US | ||
| 245 | 1 | 0 | |a Computer programs for elementary decision analysis |c Robert Schlaifer |
| 264 | 1 | |a Boston |b Harvard University |c 1971 | |
| 300 | |a 247 s. | ||
| 100 | 1 | |a Schlaifer, Robert | |